000 00447nam a2200157 i 4500
001 21682
003 ES-MaACL
005 20230906152527.0
007 t|
008 021127s1960 sp ||||1| spa d
100 1 _aAlbizu Alba, Manuel.
_919397
245 1 0 _aTeorĂ­a general de la renta /
_cManuel Albizu Alba.
260 _aMadrid :
_b[s.n.,
_c1960] (
_fImp. Carsal)
300 _a191 p. :
_bil. ;
_c22 cm.
852 _aES-MaACL
_jC-18267
_bR.46447
999 _c21682
_d21682